000 00423nam a22001697a 4500
003 MPLRDC
005 20220104165012.0
008 210129b ||||| |||| 00| 0 eng d
020 _a0-679-45152-8
082 _a752.18 MIC
100 _aJAMES A. MICHENER
245 _aTHIS NOBLE LAND: MY VISION FOR AMERICA
_c
260 _a
_bRANDOM HOUSE
_c1996
300 _b
650 _a美国评论
942 _cBK
_o752.18 MIC
999 _c57249
_d57239